000 00317nam a2200133Ia 4500
003 OSt
005 20240311162553.0
008 170523s9999 xx 000 0 und d
020 _a978-9385965050
040 _cIIMTU
100 _aSharma- R C
245 0 _aBusiness correspondence and report writing
942 _2ddc
_c02
999 _c11398
_d11398